LEADER 01089nam0 2200289 450 001 000006441 005 20060130122043.0 010 $a88-464-6457-5 100 $a20060130d2005----km-y0itay50------ba 101 0 $aita 102 $aIT 200 1 $a<>sistema territoriale competitivo$ecapacità innovativa e fattori determinanti nella attrazione degli investimenti 210 $aMilano$cFranco Angeli$d2005 215 $a158 p.$d23 cm 225 2 $aEconomia$iSez. 5$v365 300 $aIn cop.: Sviluppo Lazio 410 0$12001$aEconomia$iPer alcuni volumi la numerazione è in comune con Collana di studi economico-aziendali Alberto Riparbelli; Studi e Ricerche di economia e di politica agraria, dello stesso editore$v359 610 1 $aSviluppo economico$aLazio 676 $a338.94562$v20 712 02$aRegione Lazio 712 02$aUnione Europea 712 02$aRepubblica Italiana 801 0$aIT$bUNIPARTHENOPE$c20060130$gRICA$2UNIMARC 912 $a000006441 951 $a338-S/28$b38304$cNAVA1$d2005 996 $aSistema territoriale competitivo$9258694 997 $aUNIPARTHENOPE